U.S States with no Professional Sports Teams - Statistics

General Stats
  • This quiz has been taken 228 times
  • The average score is 22 of 24
Answer Stats
Population Rank amongst U.S states Answer % Correct
42 Maine
99%
47 North Dakota
98%
46 South Dakota
98%
48 Alaska
97%
40 Hawaii
97%
44 Montana
97%
49 Vermont
97%
39 Idaho
94%
41 New Hampshire
94%
36 New Mexico
94%
43 Rhode Island
94%
23 South Carolina
94%
26 Kentucky
92%
37 Nebraska
92%
50 Wyoming
92%
24 Alabama
91%
45 Delaware
91%
29 Connecticut
90%
30 Iowa
90%
34 Mississippi
90%
38 West Virginia
90%
32 Arkansas
89%
12 Virginia
89%
35 Kansas
83%
No matching quizzes found
Score Distribution
Percent of People with Each Score
Percentile by Number Answered
Your Score History
You have not taken this quiz